[Event "Sherbrooke Perpetuelles Ete"]
[Site "Sherbrooke CAN"]
[Date "2004.08.06"]
[Round "4"]
[White "Lopez, Jose"]
[Black "Pilotte, Benoit"]
[Result "1-0"]
[WhiteElo "1771"]
[BlackElo "1805"]
[PlyCount "49"]
[GameId "2160767911217536"]
[EventDate "2004.??.??"]
[EventType "swiss"]
[EventRounds "7"]
[EventCountry "CAN"]
[SourceTitle "EXT 2006"]
[Source "ChessBase"]
[SourceDate "2005.11.24"]
[SourceVersion "1"]
[SourceVersionDate "2005.11.24"]
[SourceQuality "1"]

1. e4 e5 2. d4 exd4 3. Qxd4 Nf6 4. Nc3 Nc6 5. Qe3 Nb4 6. Bd3 Nxd3+ 7. Qxd3 Bb4 8. Bd2 Qe7 9. O-O-O O-O 10. f3 a5 11. Nge2 d6 12. Bg5 Ra6 13. Nd5 Qd8 14. Nxf6+ gxf6 15. Bh6 Re8 16. f4 Kh8 17. g4 Qe7 18. Ng3 Bxg4 19. Rdg1 Rg8 20. Nf5 Bxf5 21. Rxg8+ Kxg8 22. exf5 Bd2+ 23. Qxd2 Qe4 24. Re1 Qc6 25. Qg2+ 1-0

[Event "Sherbrooke Perpetuelles Ete"]
[Site "Sherbrooke CAN"]
[Date "2004.08.06"]
[Round "4"]
[White "Ouellet-Lahaie, Didier"]
[Black "Lemelin, Marc"]
[Result "0-1"]
[WhiteElo "1579"]
[BlackElo "1644"]
[PlyCount "58"]
[GameId "2160767911217537"]
[EventDate "2004.??.??"]
[EventType "swiss"]
[EventRounds "7"]
[EventCountry "CAN"]
[SourceTitle "EXT 2006"]
[Source "ChessBase"]
[SourceDate "2005.11.24"]
[SourceVersion "1"]
[SourceVersionDate "2005.11.24"]
[SourceQuality "1"]

1. e4 e6 2. d4 d5 3. Nc3 Nf6 4. e5 Nfd7 5. f4 c5 6. Nf3 Qb6 7. Na4 Qc6 8. b3 b5 9. Nxc5 Nxc5 10. dxc5 Bxc5 11. Bb2 Bb4+ 12. Nd2 Qb6 13. Qe2 Bd7 14. c3 Bc5 15. b4 Be3 16. Bc1 Bxf4 17. Nb3 Bxc1 18. Rxc1 O-O 19. Rd1 f6 20. Nd4 fxe5 21. Qxe5 Nc6 22. Qg3 Nxd4 23. Rxd4 Rf7 24. Bd3 Raf8 25. h4 a5 26. Qe5 axb4 27. cxb4 Qa7 28. Bb1 Qa3 29. Rg4 Qc1+ 0-1

[Event "Sherbrooke Perpetuelles Ete"]
[Site "Sherbrooke CAN"]
[Date "2004.08.06"]
[Round "4"]
[White "Simoneau, Georges"]
[Black "Grenier, Jean-Pierre"]
[Result "1-0"]
[WhiteElo "1505"]
[BlackElo "1574"]
[PlyCount "45"]
[GameId "2160767911217538"]
[EventDate "2004.??.??"]
[EventType "swiss"]
[EventRounds "7"]
[EventCountry "CAN"]
[SourceTitle "EXT 2006"]
[Source "ChessBase"]
[SourceDate "2005.11.24"]
[SourceVersion "1"]
[SourceVersionDate "2005.11.24"]
[SourceQuality "1"]

1. d4 d5 2. c4 e6 3. Nc3 Nf6 4. e3 Bb4 5. Qc2 Ne4 6. Bd3 f5 7. Nge2 g5 8. O-O h5 9. cxd5 Bxc3 10. bxc3 exd5 11. f3 Nd6 12. e4 Be6 13. e5 Nc4 14. Bxf5 Kd7 15. Bxe6+ Kxe6 16. Qg6+ Kd7 17. Qf5+ Kc6 18. Bxg5 Qe8 19. Qc2 h4 20. Rab1 a6 21. Qa4+ b5 22. Rxb5 Nd7 23. Rb8# 1-0

[Event "Sherbrooke Perpetuelles Ete"]
[Site "Sherbrooke CAN"]
[Date "2004.08.06"]
[Round "4"]
[White "Vincent, Pascal"]
[Black "Corey, Devin"]
[Result "1-0"]
[WhiteElo "1261"]
[BlackElo "1279"]
[PlyCount "71"]
[GameId "2160767911217539"]
[EventDate "2004.??.??"]
[EventType "swiss"]
[EventRounds "7"]
[EventCountry "CAN"]
[SourceTitle "EXT 2006"]
[Source "ChessBase"]
[SourceDate "2005.11.24"]
[SourceVersion "1"]
[SourceVersionDate "2005.11.24"]
[SourceQuality "1"]

1. d4 Nf6 2. c4 e6 3. Nf3 c5 4. d5 d6 5. Nc3 e5 6. e4 Be7 7. Be2 Nbd7 8. O-O O-O 9. Nh4 Nb6 10. Nf5 Bxf5 11. exf5 a6 12. Bd3 e4 13. Be2 Nbd7 14. f3 exf3 15. Bxf3 Ne5 16. Qe2 Qd7 17. g4 Rab8 18. g5 Ne8 19. Bg4 Nxg4 20. Qxg4 f6 21. Ne4 fxg5 22. Bxg5 Bxg5 23. Qxg5 Nf6 24. Rae1 Rbe8 25. Qf4 Re7 26. Nxd6 Ne8 27. Rxe7 Qxe7 28. Nxe8 Qxe8 29. d6 g6 30. f6 Qd8 31. f7+ Kg7 32. Qe5+ Kh6 33. Rf3 g5 34. Qe6+ Kg7 35. d7 Qa8 36. Qf6# 1-0

[Event "Sherbrooke Perpetuelles Ete"]
[Site "Sherbrooke CAN"]
[Date "2004.08.13"]
[Round "5"]
[White "Belanger, Jean Sebastien"]
[Black "Simoneau, Georges"]
[Result "1-0"]
[WhiteElo "1354"]
[BlackElo "1505"]
[PlyCount "31"]
[GameId "2160767911217540"]
[EventDate "2004.??.??"]
[EventType "swiss"]
[EventRounds "7"]
[EventCountry "CAN"]
[SourceTitle "EXT 2006"]
[Source "ChessBase"]
[SourceDate "2005.11.24"]
[SourceVersion "1"]
[SourceVersionDate "2005.11.24"]
[SourceQuality "1"]

1. d4 d5 2. Nf3 e6 3. Bf4 Nf6 4. e3 Be7 5. Bd3 O-O 6. g4 Ne4 7. Nbd2 f5 8. Rg1 Nd7 9. gxf5 exf5 10. Qe2 c5 11. Bh6 Bf6 12. c3 Kh8 13. Bf4 Re8 14. Bxe4 fxe4 15. Ng5 Qe7 16. Bd6 1-0

[Event "Sherbrooke Perpetuelles Ete"]
[Site "Sherbrooke CAN"]
[Date "2004.08.13"]
[Round "5"]
[White "Grenier, Jean-Pierre"]
[Black "Germain, Benoit"]
[Result "0-1"]
[WhiteElo "1574"]
[BlackElo "1459"]
[PlyCount "132"]
[GameId "2160767911217541"]
[EventDate "2004.??.??"]
[EventType "swiss"]
[EventRounds "7"]
[EventCountry "CAN"]
[SourceTitle "EXT 2006"]
[Source "ChessBase"]
[SourceDate "2005.11.24"]
[SourceVersion "1"]
[SourceVersionDate "2005.11.24"]
[SourceQuality "1"]

1. d4 d5 2. Nf3 e6 3. e3 Nf6 4. Bd3 c5 5. dxc5 Bxc5 6. O-O Nc6 7. a3 a5 8. b3 O-O 9. Bb2 Qe7 10. Ne5 Rd8 11. Qf3 Bd6 12. Ng4 Nxg4 13. Qxg4 e5 14. Bf5 f6 15. Nc3 Bc5 16. Nxd5 Rxd5 17. Bxc8 Rd2 18. Bf5 Rad8 19. Bc1 R2d6 20. Qc4+ Rd5 21. Be4 Qf7 22. Bxd5 Qxd5 23. Qxd5+ Rxd5 24. b4 axb4 25. axb4 Nxb4 26. Ra8+ Kf7 27. c4 Rd7 28. Ba3 b6 29. g4 Kg6 30. Rb1 Nd3 31. Rd1 e4 32. Bxc5 bxc5 33. Ra3 Rb7 34. f3 Rb2 35. Ra5 Ne5 36. Rf1 Nxf3+ 37. Rxf3 exf3 38. Rxc5 Rg2+ 39. Kf1 Rxh2 40. Rf5 Rc2 41. c5 Rc4 42. Kf2 Rxg4 43. Rd5 Rc4 44. Kxf3 h5 45. Kg3 Kh6 46. Rf5 Rg4+ 47. Kf3 Kg6 48. e4 Rg1 49. Ke3 h4 50. Kd4 h3 51. Rf2 Rg2 52. Rf1 h2 53. Rh1 Kf7 54. Kd5 Ke7 55. Kc6 Rc2 56. Kb6 Rb2+ 57. Kc7 g5 58. c6 g4 59. e5 f5 60. Kc8 g3 61. e6 Kxe6 62. Re1+ Kf6 63. Rc1 g2 64. c7 h1=Q 65. Rc6+ Ke7 66. Rh6 Rc2 0-1

[Event "Sherbrooke Perpetuelles Ete"]
[Site "Sherbrooke CAN"]
[Date "2004.08.13"]
[Round "5"]
[White "Jolin, Fernand"]
[Black "Mathieu, Jean-Philippe"]
[Result "1-0"]
[WhiteElo "1285"]
[BlackElo "1427"]
[PlyCount "113"]
[GameId "2160767911217542"]
[EventDate "2004.??.??"]
[EventType "swiss"]
[EventRounds "7"]
[EventCountry "CAN"]
[SourceTitle "EXT 2006"]
[Source "ChessBase"]
[SourceDate "2005.11.24"]
[SourceVersion "1"]
[SourceVersionDate "2005.11.24"]
[SourceQuality "1"]

1. Nf3 c5 2. g3 Nf6 3. Bg2 d5 4. O-O Nc6 5. d4 cxd4 6. Nxd4 e5 7. Nxc6 bxc6 8. Bg5 Be7 9. Bxf6 Bxf6 10. c4 e4 11. Nc3 Be6 12. cxd5 cxd5 13. Rb1 O-O 14. e3 h5 15. Qd2 h4 16. f4 exf3 17. Bxf3 Qa5 18. b4 Qc7 19. Nxd5 Bxd5 20. Bxd5 Rad8 21. Qg2 hxg3 22. hxg3 Rfe8 23. Rfc1 Qb6 24. Kh1 Rxe3 25. Rc4 Qd6 26. Bf3 Be5 27. Rg4 Qd2 28. a4 Qxg2+ 29. Kxg2 a5 30. b5 Rb3 31. Re4 Bf6 32. Rd1 Rxd1 33. Bxd1 Rb4 34. Re8+ Kh7 35. Ra8 Bc3 36. Rb8 Rb2+ 37. Kh3 f5 38. Rc8 Bd4 39. Rc4 Rd2 40. Bc2 Kg6 41. g4 Be5 42. Bxf5+ Kg5 43. Rc2 Rd1 44. Be4 Kf4 45. Bg2 Rd3+ 46. Kh4 Rd8 47. Rf2+ Ke3 48. Rf3+ Kd4 49. Rf5 g6 50. Rf7 Kc4 51. Be4 Rg8 52. Kg5 Kb4 53. Bc2 Bd4 54. Rf4 Kc3 55. Re4 Rd8 56. Re2 Rd6 57. Bxg6 1-0

[Event "Sherbrooke Perpetuelles Ete"]
[Site "Sherbrooke CAN"]
[Date "2004.08.13"]
[Round "5"]
[White "Liard, Serge"]
[Black "Saziouk, Alexandre"]
[Result "1-0"]
[WhiteElo "1984"]
[BlackElo "1785"]
[PlyCount "73"]
[GameId "2160767911217543"]
[EventDate "2004.??.??"]
[EventType "swiss"]
[EventRounds "7"]
[EventCountry "CAN"]
[SourceTitle "EXT 2006"]
[Source "ChessBase"]
[SourceDate "2005.11.24"]
[SourceVersion "1"]
[SourceVersionDate "2005.11.24"]
[SourceQuality "1"]

1. e4 c5 2. Nf3 e6 3. c4 Nc6 4. Nc3 a6 5. g3 Nge7 6. Bg2 Ng6 7. O-O Be7 8. d3 O-O 9. Ne1 d6 10. Nc2 Nd4 11. f4 f5 12. Nxd4 cxd4 13. Ne2 e5 14. exf5 Rxf5 15. Be4 Rf6 16. f5 Nf8 17. g4 Nd7 18. Ng3 Rf8 19. Qe2 Nf6 20. Bf3 Rb8 21. g5 Ne8 22. h4 b6 23. Bd5+ Kh8 24. Be4 Bb7 25. f6 Nxf6 26. gxf6 Bxf6 27. Qh5 Bxe4 28. Nxe4 g6 29. Qg4 Bg7 30. Bg5 Qc7 31. Qe6 d5 32. Qxd5 Rf5 33. Nd6 h6 34. Nxf5 gxf5 35. Rxf5 hxg5 36. Rxg5 Rg8 37. Rf1 1-0

[Event "Sherbrooke Perpetuelles Ete"]
[Site "Sherbrooke CAN"]
[Date "2004.08.13"]
[Round "5"]
[White "Lopez, Jose"]
[Black "Lemelin, Marc"]
[Result "1-0"]
[WhiteElo "1771"]
[BlackElo "1644"]
[PlyCount "43"]
[GameId "2160767911217544"]
[EventDate "2004.??.??"]
[EventType "swiss"]
[EventRounds "7"]
[EventCountry "CAN"]
[SourceTitle "EXT 2006"]
[Source "ChessBase"]
[SourceDate "2005.11.24"]
[SourceVersion "1"]
[SourceVersionDate "2005.11.24"]
[SourceQuality "1"]

1. e4 e6 2. d4 d5 3. exd5 exd5 4. Nf3 Bd6 5. Nc3 Ne7 6. Bg5 f6 7. Bh4 c6 8. Bd3 Bf5 9. Bxf5 Nxf5 10. Qd3 Nxh4 11. Nxh4 O-O 12. O-O-O Qa5 13. Nf5 Bb4 14. Rde1 Na6 15. Qg3 Qc7 16. Qg4 Rae8 17. h4 h5 18. Qxh5 Qf4+ 19. Kd1 Bxc3 20. bxc3 Rxe1+ 21. Rxe1 Nc7 22. Ne7# 1-0

[Event "Sherbrooke Perpetuelles Ete"]
[Site "Sherbrooke CAN"]
[Date "2004.08.13"]
[Round "5"]
[White "Ouellet-Lahaie, Didier"]
[Black "Courteau, Bernard"]
[Result "1-0"]
[WhiteElo "1579"]
[BlackElo "1614"]
[PlyCount "107"]
[GameId "2160767911217545"]
[EventDate "2004.??.??"]
[EventType "swiss"]
[EventRounds "7"]
[EventCountry "CAN"]
[SourceTitle "EXT 2006"]
[Source "ChessBase"]
[SourceDate "2005.11.24"]
[SourceVersion "1"]
[SourceVersionDate "2005.11.24"]
[SourceQuality "1"]

1. e4 e5 2. Nf3 Nc6 3. Bb5 a6 4. Ba4 Nf6 5. O-O b5 6. Bb3 Be7 7. Re1 O-O 8. a4 Bb7 9. c3 d6 10. d4 Qe8 11. d5 Na5 12. Bc2 c6 13. axb5 axb5 14. dxc6 Bxc6 15. Nbd2 Nb7 16. Rxa8 Qxa8 17. Nb3 Re8 18. Bg5 h6 19. Bxf6 Bxf6 20. Qa1 Qd8 21. Qa6 Qc7 22. Qa7 Rc8 23. Ra1 Qd8 24. Nfd2 Nc5 25. Qa5 Ra8 26. Qxd8+ Bxd8 27. Rxa8 Bxa8 28. f3 Bb6 29. Kf1 Na4 30. c4 Bc6 31. Bd3 bxc4 32. Nxc4 Bb5 33. Nxe5 Nxb2 34. Bxb5 dxe5 35. Ke2 Bg1 36. h3 g6 37. Kd2 f5 38. Kc2 Kg7 39. Kxb2 Kf6 40. Kc3 Kg5 41. Nd2 Kf4 42. Nf1 Bf2 43. Kd3 fxe4+ 44. fxe4 g5 45. Bd7 h5 46. Bf5 h4 47. Nd2 Kg3 48. Nf3 Kf4 49. Kc4 Bb6 50. Kd5 Bc7 51. Ne1 Ke3 52. Nc2+ Kf2 53. Nb4 Kxg2 54. Na6 1-0

[Event "Sherbrooke Perpetuelles Ete"]
[Site "Sherbrooke CAN"]
[Date "2004.08.13"]
[Round "5"]
[White "Pilotte, Benoit"]
[Black "Benic, Goran"]
[Result "1-0"]
[WhiteElo "1805"]
[BlackElo "1829"]
[PlyCount "75"]
[GameId "2160767911217546"]
[EventDate "2004.??.??"]
[EventType "swiss"]
[EventRounds "7"]
[EventCountry "CAN"]
[SourceTitle "EXT 2006"]
[Source "ChessBase"]
[SourceDate "2005.11.24"]
[SourceVersion "1"]
[SourceVersionDate "2005.11.24"]
[SourceQuality "1"]

1. d4 Nf6 2. Nc3 d5 3. g3 g6 4. Bg2 Bg7 5. Bg5 c6 6. f3 h6 7. Be3 Nbd7 8. Qd2 e5 9. O-O-O Qe7 10. Bf2 O-O 11. e3 Nb6 12. Bf1 exd4 13. exd4 a5 14. g4 Be6 15. Be3 Kh7 16. Bd3 Nc4 17. Bxc4 dxc4 18. g5 hxg5 19. Bxg5 Qd7 20. Nge2 b5 21. h4 b4 22. Na4 Nd5 23. Nc5 Qc8 24. h5 f6 25. hxg6+ Kxg6 26. Bh6 Bxh6 27. Qxh6+ Kf7 28. Qh7+ Ke8 29. Nxe6 Qxe6 30. Rde1 Ne7 31. Nf4 Qf7 32. Ng6 Ra7 33. Nxf8 Qxf8 34. Rhg1 Kd8 35. Rg7 c3 36. Rf7 Qg8 37. Qxg8+ Nxg8 38. Rxa7 1-0

[Event "Sherbrooke Perpetuelles Ete"]
[Site "Sherbrooke CAN"]
[Date "2004.08.13"]
[Round "5"]
[White "Veronneau, Daniel"]
[Black "Deslandes, Karel"]
[Result "1-0"]
[WhiteElo "1179"]
[BlackElo "1033"]
[PlyCount "67"]
[GameId "2160767911217547"]
[EventDate "2004.??.??"]
[EventType "swiss"]
[EventRounds "7"]
[EventCountry "CAN"]
[SourceTitle "EXT 2006"]
[Source "ChessBase"]
[SourceDate "2005.11.24"]
[SourceVersion "1"]
[SourceVersionDate "2005.11.24"]
[SourceQuality "1"]

1. e4 e5 2. Nf3 Nc6 3. Bc4 Nf6 4. Ng5 Qe7 5. Bxf7+ Kd8 6. Bc4 Ke8 7. Nc3 Qc5 8. d3 d6 9. Be3 Nd4 10. Nd5 Nxd5 11. Bxd5 Nxc2+ 12. Kd2 Nxe3 13. fxe3 Qb4+ 14. Kc2 Bd7 15. Rc1 Ba4+ 16. b3 Bc6 17. Kb1 Bxd5 18. exd5 Be7 19. Ne6 Qa5 20. Nxc7+ Kf7 21. Nxa8 Rxa8 22. Qh5+ Kg8 23. Qf5 Bf6 24. Qe6+ Kf8 25. Qxd6+ Kg8 26. Qe6+ Kf8 27. Rc8+ Rxc8 28. Qxc8+ Kf7 29. Qxb7+ Kf8 30. Rc1 Ke8 31. d6 Kf8 32. Rc8+ Bd8 33. Qe7+ Kg8 34. Qe8# 1-0

[Event "Sherbrooke Perpetuelles Ete"]
[Site "Sherbrooke CAN"]
[Date "2004.08.13"]
[Round "5"]
[White "Vincent, Pascal"]
[Black "Benoit, Andre"]
[Result "1-0"]
[WhiteElo "1261"]
[BlackElo "1440"]
[PlyCount "82"]
[GameId "2160767911217548"]
[EventDate "2004.??.??"]
[EventType "swiss"]
[EventRounds "7"]
[EventCountry "CAN"]
[SourceTitle "EXT 2006"]
[Source "ChessBase"]
[SourceDate "2005.11.24"]
[SourceVersion "1"]
[SourceVersionDate "2005.11.24"]
[SourceQuality "1"]

1. d4 Nf6 2. c4 d5 3. Nc3 dxc4 4. e4 c6 5. a4 Be6 6. Nf3 g6 7. Ng5 Bg7 8. Nxe6 fxe6 9. Bxc4 Qd7 10. O-O O-O 11. e5 Nd5 12. Qg4 b5 13. axb5 cxb5 14. Bxb5 Nc6 15. Ra6 Ndb4 16. Bc4 Qxd4 17. Bxe6+ Kh8 18. Qxd4 Nxd4 19. Ra4 a5 20. Nd5 Bxe5 21. Nxb4 axb4 22. Rxa8 Rxa8 23. Bc4 Rc8 24. b3 h5 25. Bd2 Bd6 26. Re1 e5 27. Re4 Kg7 28. f4 Bc5 29. Be3 Nxb3 30. Bxb3 Bxe3+ 31. Rxe3 exf4 32. Re4 Rc3 33. Rxb4 f3 34. gxf3 Rxf3 35. Kg2 Rf5 36. Bc2 Rg5+ 37. Kh3 Kh6 38. Rb6 Rg1 39. Be4 Kg5 40. Rxg6+ Kf4 41. Rxg1 Kxe4 1-0

[Event "Sherbrooke Perpetuelles Ete"]
[Site "Sherbrooke CAN"]
[Date "2004.08.20"]
[Round "6"]
[White "Benic, Goran"]
[Black "Grenier, Jean-Pierre"]
[Result "1/2-1/2"]
[WhiteElo "1829"]
[BlackElo "1574"]
[PlyCount "146"]
[GameId "2160767911217549"]
[EventDate "2004.??.??"]
[EventType "swiss"]
[EventRounds "7"]
[EventCountry "CAN"]
[SourceTitle "EXT 2006"]
[Source "ChessBase"]
[SourceDate "2005.11.24"]
[SourceVersion "1"]
[SourceVersionDate "2005.11.24"]
[SourceQuality "1"]

1. e4 e5 2. Nf3 Nc6 3. Bc4 Nf6 4. Nc3 Be7 5. O-O O-O 6. d4 exd4 7. Nxd4 Nxd4 8. Qxd4 c6 9. e5 Ne8 10. Ne4 d5 11. exd6 Nxd6 12. Bd3 Nf5 13. Qxd8 Rxd8 14. b3 Be6 15. Bb2 Rd7 16. Rfe1 Rad8 17. Ng3 Nxg3 18. hxg3 Bb4 19. Re4 Ba5 20. g4 Bd5 21. Re2 Rd6 22. Re7 R6d7 23. Rxd7 Rxd7 24. Rd1 Be6 25. f3 Bc7 26. Kf2 f5 27. gxf5 Bxf5 28. Bc4+ Kf8 29. Rxd7 Bxd7 30. Ba3+ Ke8 31. g4 Be5 32. Ke3 b6 33. Ke4 Bc3 34. Bd6 Bf6 35. Bg8 h6 36. c4 Bc3 37. Bb8 a6 38. Bc7 b5 39. cxb5 axb5 40. a4 Bc8 41. a5 Kd7 42. Bb6 Kd6 43. f4 Bxg4 44. a6 Bc8 45. a7 Bb7 46. Kd3 Bf6 47. b4 g5 48. Bc5+ Kd7 49. fxg5 hxg5 50. Bh7 Be7 51. Bf5+ Kd8 52. Bb6+ Ke8 53. Ba5 Bd6 54. Kd4 Ke7 55. Bc8 Ba8 56. Bg4 Kf6 57. Bd8+ Kg6 58. Ba5 Bh2 59. Kc5 Bg1+ 60. Kd6 Bxa7 61. Bd7 Bf2 62. Bxc6 Bxc6 63. Kxc6 g4 64. Bc7 Kg5 65. Kxb5 Be3 66. Kc4 Bf4 67. Bb6 g3 68. Kd3 Kg4 69. Ke2 Kh3 70. Kf3 Bb8 71. Bd4 g2 72. b5 Be5 73. Bc5 Bd6 1/2-1/2

[Event "Sherbrooke Perpetuelles Ete"]
[Site "Sherbrooke CAN"]
[Date "2004.08.20"]
[Round "6"]
[White "Benoit, Andre"]
[Black "Veronneau, Daniel"]
[Result "1-0"]
[WhiteElo "1440"]
[BlackElo "1179"]
[PlyCount "63"]
[GameId "2160767911217550"]
[EventDate "2004.??.??"]
[EventType "swiss"]
[EventRounds "7"]
[EventCountry "CAN"]
[SourceTitle "EXT 2006"]
[Source "ChessBase"]
[SourceDate "2005.11.24"]
[SourceVersion "1"]
[SourceVersionDate "2005.11.24"]
[SourceQuality "1"]

1. e4 e5 2. Bc4 Nc6 3. Nc3 Nf6 4. f4 d6 5. Nf3 Be6 6. Bb5 Nd7 7. f5 Be7 8. O-O a6 9. Be2 O-O 10. fxe6 fxe6 11. d4 exd4 12. Nxd4 d5 13. Nxe6 Bc5+ 14. Kh1 Rxf1+ 15. Qxf1 Qh4 16. g3 Qe7 17. exd5 Nd4 18. Bc4 Nxe6 19. dxe6 Rf8 20. exd7+ Kh8 21. Qd1 b5 22. Bf4 Rd8 23. Qd5 bxc4 24. Rd1 Qf8 25. Qxc4 Bd6 26. Qe6 Bc5 27. Re1 Bf2 28. Re2 Bc5 29. Qc6 Be7 30. Qxc7 Rxd7 31. Qxd7 Qa8+ 32. Nd5 1-0

[Event "Sherbrooke Perpetuelles Ete"]
[Site "Sherbrooke CAN"]
[Date "2004.08.20"]
[Round "6"]
[White "Jolin, Fernand"]
[Black "Belanger, Jean Sebastien"]
[Result "0-1"]
[WhiteElo "1285"]
[BlackElo "1354"]
[PlyCount "124"]
[GameId "2160767911217551"]
[EventDate "2004.??.??"]
[EventType "swiss"]
[EventRounds "7"]
[EventCountry "CAN"]
[SourceTitle "EXT 2006"]
[Source "ChessBase"]
[SourceDate "2005.11.24"]
[SourceVersion "1"]
[SourceVersionDate "2005.11.24"]
[SourceQuality "1"]

1. Nf3 d5 2. d4 Bg4 3. Nbd2 e6 4. h3 Bh5 5. c3 c5 6. Qa4+ Nc6 7. Ne5 Qb6 8. Nxc6 bxc6 9. Qc2 Qc7 10. Nf3 cxd4 11. cxd4 Rb8 12. Qd1 Bxf3 13. exf3 Qa5+ 14. Bd2 Bb4 15. b3 Bxd2+ 16. Qxd2 Qxd2+ 17. Kxd2 Ne7 18. Bd3 Kd7 19. Rac1 f6 20. Rc5 e5 21. dxe5 fxe5 22. Ra5 Rb7 23. Re1 Kd6 24. Ra4 g6 25. b4 Re8 26. Rb1 Reb8 27. a3 Ke6 28. Ra5 Nf5 29. Bxf5+ gxf5 30. Rc5 Kd6 31. Rbc1 Rc7 32. g3 Rb5 33. f4 e4 34. Kc3 h5 35. Kd4 a6 36. Ke3 Rxc5 37. Rxc5 Rb7 38. f3 exf3 39. Kxf3 Rb5 40. Rxb5 axb5 41. Ke3 Ke6 42. Kd4 Kd6 43. Ke3 c5 44. g4 fxg4 45. hxg4 hxg4 46. bxc5+ Kxc5 47. f5 d4+ 48. Ke4 g3 49. Kf3 d3 50. f6 d2 51. Ke2 g2 52. f7 g1=Q 53. f8=Q+ Kc4 54. Qb4+ Kd5 55. Qxd2+ Qd4 56. Qg5+ Kc4 57. Qg8+ Kc3 58. Qg3+ Kb2 59. Qd3 Qxd3+ 60. Kxd3 Kxa3 61. Kc3 b4+ 62. Kc2 Ka2 0-1

[Event "Sherbrooke Perpetuelles Ete"]
[Site "Sherbrooke CAN"]
[Date "2004.08.20"]
[Round "6"]
[White "Ouellet-Lahaie, Didier"]
[Black "Pilotte, Benoit"]
[Result "1-0"]
[WhiteElo "1579"]
[BlackElo "1805"]
[PlyCount "77"]
[GameId "2160767911217552"]
[EventDate "2004.??.??"]
[EventType "swiss"]
[EventRounds "7"]
[EventCountry "CAN"]
[SourceTitle "EXT 2006"]
[Source "ChessBase"]
[SourceDate "2005.11.24"]
[SourceVersion "1"]
[SourceVersionDate "2005.11.24"]
[SourceQuality "1"]

1. e4 e5 2. Nf3 f5 3. Nc3 Nf6 4. d4 exd4 5. Qxd4 Nc6 6. Qe3 f4 7. Qxf4 Bb4 8. Bd2 O-O 9. Qg5 Qe7 10. Bd3 d5 11. Nxd5 Bxd2+ 12. Nxd2 Nxd5 13. Qxd5+ Be6 14. Qh5 Qf6 15. O-O Ne5 16. Be2 Qf4 17. Nf3 Ng4 18. Bd3 Rf6 19. e5 Rh6 20. Qg5 Qf7 21. Rfe1 Rh5 22. Qd2 Qe7 23. a3 Rf8 24. Qb4 c5 25. Qe4 g5 26. Bc4 Rf4 27. Bxe6+ Qxe6 28. Nxg5 Qc4 29. Qxc4+ Rxc4 30. Re4 Rxe4 31. Nxe4 Rxe5 32. f3 Nh6 33. Rd1 Re7 34. Kf2 Nf5 35. Rd5 Nd4 36. Rxc5 Kf7 37. c3 b6 38. Rh5 Kg6 39. Rg5+ 1-0

[Event "Sherbrooke Perpetuelles Ete"]
[Site "Sherbrooke CAN"]
[Date "2004.08.20"]
[Round "6"]
[White "Robitaille, Michael"]
[Black "Deslandes, Karel"]
[Result "0-1"]
[WhiteElo "1061"]
[BlackElo "1033"]
[PlyCount "88"]
[GameId "2160767911217553"]
[EventDate "2004.??.??"]
[EventType "swiss"]
[EventRounds "7"]
[EventCountry "CAN"]
[SourceTitle "EXT 2006"]
[Source "ChessBase"]
[SourceDate "2005.11.24"]
[SourceVersion "1"]
[SourceVersionDate "2005.11.24"]
[SourceQuality "1"]

1. d4 d5 2. c4 dxc4 3. Nc3 Nc6 4. Nf3 Bg4 5. Ne5 Nxe5 6. dxe5 Qxd1+ 7. Nxd1 e6 8. Ne3 Bb4+ 9. Bd2 Bxd2+ 10. Kxd2 Rd8+ 11. Ke1 Bf5 12. g3 b5 13. Bg2 Ne7 14. Rd1 Rxd1+ 15. Nxd1 O-O 16. e4 Bg6 17. Kf1 Nc6 18. Bf3 Nxe5 19. Kg2 Nxf3 20. Kxf3 f5 21. Kg2 fxe4 22. Ne3 b4 23. Rd1 Bh5 24. Rd7 Bf3+ 25. Kh3 a5 26. Rxc7 Be2 27. Re7 Rf6 28. Rc7 Rxf2 29. Rc8+ Kf7 30. Nxc4 Bxc4 31. Rxc4 Rxb2 32. Rxe4 Rxa2 33. Rf4+ Kg8 34. Rc4 b3 35. Rc8+ Kf7 36. Rb8 b2 37. Kg4 h6 38. h4 a4 39. Rb7+ Kf6 40. Rb8 Kg6 41. Rf8 b1=Q 42. h5+ Kh7 43. Kh4 Qd1 44. Rf7 Rh2# 0-1

[Event "Sherbrooke Perpetuelles Ete"]
[Site "Sherbrooke CAN"]
[Date "2004.08.20"]
[Round "6"]
[White "Simoneau, Georges"]
[Black "Viens, Nicolas"]
[Result "0-1"]
[WhiteElo "1505"]
[BlackElo "1316"]
[PlyCount "106"]
[GameId "2160767911217554"]
[EventDate "2004.??.??"]
[EventType "swiss"]
[EventRounds "7"]
[EventCountry "CAN"]
[SourceTitle "EXT 2006"]
[Source "ChessBase"]
[SourceDate "2005.11.24"]
[SourceVersion "1"]
[SourceVersionDate "2005.11.24"]
[SourceQuality "1"]

1. d4 Nf6 2. c4 e6 3. Nc3 d5 4. Qc2 Nc6 5. e3 b6 6. cxd5 exd5 7. Bb5 Bb7 8. a3 Be7 9. Nf3 O-O 10. O-O a6 11. Bd3 g6 12. b4 Na7 13. Ne5 Nc6 14. f4 Bd6 15. Nxd5 Bxe5 16. fxe5 Nxd5 17. Bd2 Qg5 18. Rae1 Qd8 19. Bc4 Qd7 20. Rf3 Nd8 21. Rg3 b5 22. Bb3 Qc6 23. Qd3 Ne7 24. e4 Qd7 25. d5 c6 26. Bh6 Re8 27. Qf3 cxd5 28. Qf6 Ne6 29. Rd3 Qd8 30. Rf1 Nf5 31. Qxd8 Raxd8 32. exf5 Ng7 33. Bxg7 Kxg7 34. f6+ Kg8 35. Re1 Rd7 36. h4 h6 37. Kf2 Kf8 38. a4 Rc8 39. axb5 axb5 40. Ke3 Rcd8 41. Kf4 d4 42. g4 Bd5 43. Bxd5 Rxd5 44. Ke4 Ke8 45. Red1 R8d7 46. Rxd4 Rxd4+ 47. Rxd4 Rc7 48. Kd3 Rc1 49. g5 hxg5 50. hxg5 Rg1 51. Rh4 Rxg5 52. Rh8+ Kd7 53. e6+ Kxe6 0-1

[Event "Sherbrooke Perpetuelles Ete"]
[Site "Sherbrooke CAN"]
[Date "2004.08.27"]
[Round "7"]
[White "Belzil, Julien"]
[Black "Grenier, Jean-Pierre"]
[Result "0-1"]
[WhiteElo "1333"]
[BlackElo "1574"]
[PlyCount "54"]
[GameId "2160767911217555"]
[EventDate "2004.??.??"]
[EventType "swiss"]
[EventRounds "7"]
[EventCountry "CAN"]
[SourceTitle "EXT 2006"]
[Source "ChessBase"]
[SourceDate "2005.11.24"]
[SourceVersion "1"]
[SourceVersionDate "2005.11.24"]
[SourceQuality "1"]

1. c4 e5 2. e4 d6 3. h3 Nf6 4. Nc3 Nc6 5. d3 Nd4 6. Nf3 Be7 7. Bg5 c6 8. c5 Nxf3+ 9. Qxf3 dxc5 10. Qe3 b6 11. Qg3 Qd6 12. Be2 h6 13. Bxf6 Bxf6 14. O-O O-O 15. a3 Bg5 16. Bg4 Bxg4 17. hxg4 Rad8 18. Rad1 Qf6 19. Ne2 Rd6 20. f4 exf4 21. Nxf4 Qxb2 22. Nh5 Rfd8 23. Qf3 f6 24. Qf5 Qe5 25. Qg6 Be3+ 26. Kh1 Qg5 27. Qf5 Qh4# 0-1